Pre-Columbian art and later indian tribal arts
Salvato in:
| Autori principali: | , |
|---|---|
| Natura: | Libro |
| Lingua: | inglese |
| Pubblicazione: |
Nueva York
Harry N. Abrams Inc. Publishers
1967
|
| Edizione: | 1a. ed |
| Soggetti: | |
| Tags: |
Aggiungi Tag
Nessun Tag, puoi essere il primo ad aggiungerne!!
|
MARC
| LEADER | 00000cam a2200000 a 4500 | ||
|---|---|---|---|
| 001 | UCC0617 | ||
| 003 | CL-VaPUC | ||
| 008 | 170825e19670000us |||||||||||||||||eng|d | ||
| 082 | 0 | 4 | |a 709.01 |b ANT |2 21 |
| 100 | 0 | |a Anton, Ferdinand |e author |9 594591 | |
| 700 | 0 | |a Dockstader, Frederick J |e author |9 594592 | |
| 245 | 1 | 0 | |a Pre-Columbian art and later indian tribal arts |
| 250 | |a 1a. ed | ||
| 300 | |a 264 p | ||
| 942 | |c BK | ||
| 945 | |d 20170825 13:52:00 |a dcastane | ||
| 260 | |a Nueva York |b Harry N. Abrams Inc. Publishers |c 1967 | ||
| 650 | 0 | |a Arte precolombino |9 330955 | |
| 650 | 0 | |a Arqueología |9 265619 | |
| 650 | 0 | |a Culturas precolombinas |9 408769 | |
| 583 | |a last modification |c 20170825 13:52:00 |k Rodrigo Vera | ||
| 999 | |c 369391 |d 369389 | ||
| 952 | |0 0 |1 0 |3 erd |4 0 |6 709_010000000000000_ANT_1967 |7 0 |8 A |9 485157 |a BIBARQ |b BIBARQ |i 5418240 |o 709.01 ANT 1967 |p 5418240 |r 2025-01-20 |w 2019-11-24 |y BK |z Catalogado en:20170825 |k ARQ | ||